000 01292nam a22003130a 4500
001 PT7860
003 AR-LpoUNG
005 20210131232241.0
008 191001s2005||||sp |||||||||||||||||spa d
020 _a8493434973
_c$43,33
040 _aAR-LpoUNG
_bspa
_cAR-LpoUNG
_eaacr
041 _aspa
_acat
044 _asp
082 0 _a410 117ter
100 1 _aCabré, M. Teresa
245 1 3 _aLa terminología :
_brepresentación y comunicación : elementos para una teoría de base comunicativa y otros artículos
250 _a1ra. ed., 2da. reimpr.
260 _aGirona :
_bDocumenta Universitaria,
_c2005.
300 _a369 p. :
_bgráfs., mapas
520 _a<p>Recopilación de artículos que transmiten el proceso de reflexión sobre la terminología como disciplina teórica y aplicada, en el camino hacia la construcción de una teoría terminológica desde la perspectiva de una teoría del lenguaje, asumiendo que los términos son unidades lingüísticas a la vez que unidades de conocimiento especializado y de comunicación especializada.</p>
650 4 _aCOMUNICACION
650 4 _aLENGUA ESPAÑOLA
650 4 _aLINGUISTICA
650 4 _aTERMINOLOGIA
650 4 _aTRADUCCION
651 4 _aDOCUMENTOS TEORICOS O METODOLOGICOS
905 _a7860
942 _cLIB
999 _c14516
_d14516